Music genres - Sudden death! - Statistics

General Stats
  • This quiz has been taken 477 times
  • The average score is 4 of 23
Answers on the Grid
Answers color-coded by a green-red scale on the quiz's grid according to % correct below.
Slam death metal
Pornogrind
Ambient noise wall
Djent
Lowercase
hyperfolk
Bluegrass
Stoner metal
Egg punk
Crime punk
Boogie woogie
Sploink
Swamp blues
Suicide metal
Jump blues
Marble pop
Hush
Grebo
Romanian popcorn
Shoestare
Doskpop
Yallwer
Mutant disco
Nightwave
Aboio
Genge
Grebo
Hipco
Onkyo
Raga rock
Yass
Shan'ge
Riba
Shake pop
Summer country
Tulara
Mengi
Mexrock
 
Answer Stats
Answer % Correct
Bluegrass
53%
Stoner metal
42%
Boogie woogie
37%
Djent
31%
Slam death metal
29%
Pornogrind
23%
Swamp blues
22%
Ambient noise wall
20%
Raga rock
19%
Egg punk
15%
Jump blues
15%
Grebo
14%
Grebo
13%
Mutant disco
12%
Lowercase
7%
Romanian popcorn
7%
Onkyo
6%
Doskpop
5%
Yass
5%
Genge
4%
Shan'ge
3%
Hipco
2%
Aboio
0%
No matching quizzes found
Score Distribution
Percent of People with Each Score
Percentile by Number Answered
Your Score History
You have not taken this quiz